| 000 | 01009cam a22003013a 4500 | ||
|---|---|---|---|
| 001 | 4293 | ||
| 003 | PGUSA | ||
| 005 | 20140828083051.0 | ||
| 008 | 030701s2003||||xxu|||||s|||||000 1 eng d | ||
| 040 |
_aPGUSA _beng |
||
| 042 | _adc | ||
| 050 | 4 | _aPZ | |
| 100 | 1 |
_aOtis, James, _d1848-1912 |
|
| 245 | 1 | 0 |
_aNeal, the Miller : _bA Son of Liberty _h[electronic resource] / _cJames Otis |
| 260 |
_bProject Gutenberg, _c2003 |
||
| 506 | _aPublic domain in the USA. | ||
| 516 | _aElectronic text | ||
| 653 | _aIndians of North America -- Juvenile fiction | ||
| 653 | _aUnited States -- History -- Colonial period, ca. 1600-1775 -- Juvenile fiction | ||
| 653 | _aConduct of life -- Juvenile fiction | ||
| 653 | _aHorses -- Juvenile fiction | ||
| 653 | _aMillers -- Juvenile fiction | ||
| 653 | _aAdventure and adventurers -- Juvenile fiction | ||
| 653 | _aVoyages and travels -- Juvenile fiction | ||
| 830 | 0 |
_aProject Gutenberg _v4293 |
|
| 856 | 4 | 0 | _uhttp://www.gutenberg.org/ebooks/4293 |
| 942 | _cEB | ||
| 999 |
_c233622 _d233622 |
||